| 000 | 00522cam a22002051 4500 | ||
|---|---|---|---|
| 001 | ne 64003052 | ||
| 003 | DLC | ||
| 005 | 20260227111807.0 | ||
| 008 | 890404q xx 000 0 ara | ||
| 010 | _ane 64003052 | ||
| 035 | _a(OCoLC)23522922 | ||
| 040 |
_aDLC _cMiU _dDLC |
||
| 050 | 0 | 0 |
_aPJ7876.A9 _bH3 |
| 100 | 1 |
_aZaydān, Jirjī, _d1861-1914. |
|
| 245 | 1 | 4 | _aal-Ḥajjāj ibn Yūsuf. |
| 260 | _c[19-] | ||
| 300 |
_a166 p. _c25 cm. |
||
| 500 | _aRomanized. | ||
| 600 | 0 | 0 |
_aḤajjāj ibn Yūsuf, _d661-714 _vFiction. |
| 999 |
_c47618 _d47618 |
||